000 00894cab a2200205 4500
001 ABS33158
008 090401t1984 xxu||||| |||| 00| 0 eng d
035 _a(Sirsi) u70295
041 _aeng
100 _aVincent, Peter
245 _aLegal implications for landowners in the development of new coalfields
260 _c1984
350 _a0
490 _aLaw Society`s Gazette
_v81(21) 6 June 1984, 1589-1593(3)
520 _aRecent developments in the coal industry are likely to lead to a resurgence of legal and mineral activity in the near future. This article outlines the history of coal mining legislation from the Coal (Regulation of Ownership) Act 1937 to the Coal Industry Act 1975 and also stresses that time is now running against certain valuable copyhold interests.
650 _aMINERAL VALUATION
690 _aMINING AND MINERALS
942 _n0
948 _c04/03/1997
999 _c44204
_d44204